000 00528nam a2200193Ia 4500
005 20250923150054.0
008 008 250917s9999 xx 000 0 eng d
037 _aTextual
040 _aDSWL
_beng
_cDSWL
041 _aeng
_2eng
084 _aYX;5x2, N90;1
_qDSWL
245 0 _aSocial welfare in India
_cEd. by H. Y. Siddifqui
260 _aNew Delhi
_b Harnam Publisher
_c1990
300 _a258p.
365 _aINR
_b300
925 _g300
942 _cTEXL
_hYX;5x2, N90;1
999 _c1459245
_d1459245